|
|
|
|
| LEADER |
00737nam a2200229Ia 4500 |
| 001 |
CTU_182648 |
| 008 |
210402s9999 xx 000 0 und d |
| 020 |
|
|
|c 10600
|
| 082 |
|
|
|a 495.9220712
|
| 082 |
|
|
|b L502/T.1
|
| 100 |
|
|
|a Phan, Trọng Luận
|
| 245 |
|
0 |
|a Ngữ văn 12
|
| 245 |
|
0 |
|c Phan Trọng Luận ( tổng chủ biên ) ... [ et al. ]
|
| 260 |
|
|
|a Hà Nội
|
| 260 |
|
|
|b Giáo dục
|
| 260 |
|
|
|c 2013
|
| 526 |
|
|
|a Thơ Đường trong nhà trường phổ thông
|
| 526 |
|
|
|b SP536
|
| 650 |
|
|
|a Vietnamese literature,Văn học Việt Nam
|
| 650 |
|
|
|x Study and teaching,Học và giảng dạy
|
| 904 |
|
|
|i Tuyến
|
| 980 |
|
|
|a Trung tâm Học liệu Trường Đại học Cần Thơ
|